Politically correct hiring will destroy higher education (Record no. 74531)
[ view plain ]
| 000 -CABECERA | |
|---|---|
| campo de control de longitud fija | 00586nam a2200217 a 4500 |
| 005 - FECHA Y HORA DE LA ÚLTIMA TRANSACCIÓN | |
| campo de control | 20210219153340.0 |
| 008 - ELEMENTOS DE LONGITUD FIJA--INFORMACIÓN GENERAL | |
| campo de control de longitud fija | 991125n 000 0 eng u |
| 035 ## - NÚMERO DE CONTROL DEL SISTEMA | |
| Número de control de sistema | UPN01000093002 |
| 100 1# - ASIENTO PRINCIPAL--NOMBRE PERSONAL | |
| Nombre de persona | Wildavsky, Aaron |
| 222 ## - TÍTULO CLAVE | |
| Título clave | ACADEMIC QUESTIONS |
| 245 ## - MENCIÓN DE TÍTULO | |
| Título | Politically correct hiring will destroy higher education |
| 260 ## - PUBLICACIÓN, DISTRIBUCIÓN, ETC. | |
| Lugar de publicación, distribución, etc. | EUA |
| 300 ## - DESCRIPCIÓN FÍSICA | |
| Extensión | 77-79 |
| 362 0# - FECHAS DE PUBLICACIÓN Y/O DESIGNACIÓN SECUENCIAL | |
| Fecha de publicación y/o designación secuencial | 1993-1994 Vol. 7, no. 1, invierno |
| 653 0# - TERMINO DE INDIZACION - NO CONTROLADO | |
| Término no controlado | CALIDAD EDUCATIVA |
| 653 0# - TERMINO DE INDIZACION - NO CONTROLADO | |
| Término no controlado | EDUCACION SUPERIOR |
| 653 0# - TERMINO DE INDIZACION - NO CONTROLADO | |
| Término no controlado | ESTADOS UNIDOS DE AMERICA |
| 653 0# - TERMINO DE INDIZACION - NO CONTROLADO | |
| Término no controlado | RAZAS |
| 904 ## - ELEMENTOS DE DATOS D LOCAL, LDD (RLIN) | |
| a | AC |
| b | 030813 |
| 905 ## - TIPO DE MATERIAL | |
| Tipo de material | Articulo |
No items available.
